| 000 | 00496nam a22001697a 4500 | ||
|---|---|---|---|
| 005 | 20231031075424.0 | ||
| 008 | 231031b |||||||| |||| 00| 0 eng d | ||
| 020 | _a9780409052060 ; 9780409052077 | ||
| 041 | _aEnglish | ||
| 082 | _a347.5 SAN | ||
| 100 |
_aSaner, J _lEnglish |
||
| 245 |
_aPrescription in South African Law / _cJ Saner |
||
| 260 |
_aDurban : _bLexisNexis, _c1996 |
||
| 300 | _b6-15 pages ; | ||
| 650 |
_alegal practice _bLaw |
||
| 942 |
_cBK _6ALISON_BN_VRIES |
||
| 999 |
_c166 _d166 |
||